<?xml version="1.0" encoding="UTF-8"?>
<record
    xmlns:xsi="http://www.w3.org/2001/XMLSchema-instance"
    xsi:schemaLocation="http://www.loc.gov/MARC21/slim http://www.loc.gov/standards/marcxml/schema/MARC21slim.xsd"
    xmlns="http://www.loc.gov/MARC21/slim">

  <leader>02138nam a2200241 a 4500</leader>
  <controlfield tag="001">16158472</controlfield>
  <controlfield tag="008">190612s2010    ||||||||||||||||| ||    u</controlfield>
  <datafield tag="010" ind1=" " ind2=" ">
    <subfield code="a">2010010995</subfield>
  </datafield>
  <datafield tag="020" ind1=" " ind2=" ">
    <subfield code="a">9780123820020 </subfield>
  </datafield>
  <datafield tag="020" ind1=" " ind2=" ">
    <subfield code="a">0123820022 (alk. paper)</subfield>
  </datafield>
  <datafield tag="050" ind1=" " ind2=" ">
    <subfield code="a">QH 541.5.L3 Lak</subfield>
  </datafield>
  <datafield tag="100" ind1=" " ind2=" ">
    <subfield code="a">Likens, Gene E</subfield>
  </datafield>
  <datafield tag="245" ind1="1" ind2="0">
    <subfield code="a">Lake ecosystem ecology: a global perspective, a derivative of Encyclopedia of inland waters</subfield>
    <subfield code="c">edited by Gene E. Likens.</subfield>
  </datafield>
  <datafield tag="260" ind1=" " ind2=" ">
    <subfield code="a">Amsterdam ; Boston</subfield>
    <subfield code="b">Elsevier Academic Press</subfield>
    <subfield code="c">2010</subfield>
  </datafield>
  <datafield tag="300" ind1=" " ind2=" ">
    <subfield code="a">xiii, 463 pages : illustrated (some col.), maps (some col.)</subfield>
  </datafield>
  <datafield tag="350" ind1=" " ind2=" ">
    <subfield code="a">104.00</subfield>
  </datafield>
  <datafield tag="500" ind1=" " ind2=" ">
    <subfield code="a">"Material in this work originally appeared in Encyclopedia of Inland Waters by Gene E. Likens &#xA0;(Elsevier Inc. 2009) "--T.p. verso. Includes bibliographical references and index.</subfield>
  </datafield>
  <datafield tag="505" ind1=" " ind2=" ">
    <subfield code="a">Lake ecosystems: structure, function and change -- Hydrodynamics and mixing in lakes -- Lakes and reservoirs of the world -- Lakes and reservoirs: pollution, management and services.</subfield>
  </datafield>
  <datafield tag="520" ind1=" " ind2=" ">
    <subfield code="a">"A derivative of the Encyclopedia of Inland Waters, Lake Ecosystem Ecology examines the workings of the lake and reservoir ecosystems of our planet. Information and perspectives crucial to the understanding and management of current environmental problems are covered, such as eutrophication, acid rain and climate change. Because the articles are drawn from an encyclopedia, the articles are easily accessible to interested members of the public, such as conservationists and environmental decision makers. It includes an up-to-date summary of global aquatic ecosystems and issues; covers current environmental problems and management solutions; and features full-color figures and tables to support the text and aid in understanding."--Publisher's description.</subfield>
  </datafield>
  <datafield tag="650" ind1=" " ind2="0">
    <subfield code="a">LAKE ECOLOGY</subfield>
  </datafield>
  <datafield tag="995" ind1=" " ind2=" ">
    <subfield code="a">MAIN LIBRARY OPEN ACCESS</subfield>
    <subfield code="e">749174</subfield>
    <subfield code="F">CBU-MAIN LIBRARY (Kitwe)</subfield>
    <subfield code="I">104.00</subfield>
    <subfield code="j">QH 541.5.L3 Lak</subfield>
    <subfield code="M">2</subfield>
    <subfield code="U">AVAILABLE</subfield>
    <subfield code="W">Jun 12, 2019</subfield>
    <subfield code="y">749174</subfield>
    <subfield code="Z">Main Library Open Access Collection</subfield>
  </datafield>
  <datafield tag="995" ind1=" " ind2=" ">
    <subfield code="a">MAIN LIBRARY OPEN ACCESS</subfield>
    <subfield code="e">749173</subfield>
    <subfield code="F">CBU-MAIN LIBRARY (Kitwe)</subfield>
    <subfield code="I">104.00</subfield>
    <subfield code="j">QH 541.5.L3 Lak</subfield>
    <subfield code="M">1</subfield>
    <subfield code="U">AVAILABLE</subfield>
    <subfield code="W">Jun 12, 2019</subfield>
    <subfield code="y">749173</subfield>
    <subfield code="Z">Main Library Open Access Collection</subfield>
  </datafield>
  <datafield tag="999" ind1=" " ind2=" ">
    <subfield code="c">80574</subfield>
    <subfield code="d">80574</subfield>
  </datafield>
  <datafield tag="952" ind1=" " ind2=" ">
    <subfield code="0">0</subfield>
    <subfield code="1">0</subfield>
    <subfield code="2">lcc</subfield>
    <subfield code="4">0</subfield>
    <subfield code="7">0</subfield>
    <subfield code="a">001</subfield>
    <subfield code="b">001</subfield>
    <subfield code="c">Main Library Open Access Collection</subfield>
    <subfield code="d">2023-06-30</subfield>
    <subfield code="l">0</subfield>
    <subfield code="o">QH 541.5.L3 Lak</subfield>
    <subfield code="p">749174</subfield>
    <subfield code="r">2023-06-30</subfield>
    <subfield code="t">1</subfield>
    <subfield code="w">2023-06-30</subfield>
    <subfield code="y">002</subfield>
  </datafield>
  <datafield tag="952" ind1=" " ind2=" ">
    <subfield code="0">0</subfield>
    <subfield code="1">0</subfield>
    <subfield code="2">lcc</subfield>
    <subfield code="4">0</subfield>
    <subfield code="7">0</subfield>
    <subfield code="a">001</subfield>
    <subfield code="b">001</subfield>
    <subfield code="c">Main Library Open Access Collection</subfield>
    <subfield code="d">2023-06-30</subfield>
    <subfield code="l">0</subfield>
    <subfield code="o">QH 541.5.L3 Lak</subfield>
    <subfield code="p">749173</subfield>
    <subfield code="r">2023-06-30</subfield>
    <subfield code="t">2</subfield>
    <subfield code="w">2023-06-30</subfield>
    <subfield code="y">002</subfield>
  </datafield>
</record>
